00616nam a2200193Ia 4500001001000000003000500010008004100015010001100056040000900067100003100076245008000107260008000187300001000267650002800277650003000305650002600335650002700361710003400388Para_1824CHAP220125s1997 xx 000 0 und d a200437 cCHAP aTeliz Ortíz, Daniel, ed. aEnfermedades del maíz, frijol, trigo y papa /c por Daniel Teliz Ortíz aMontecillo, Méx. :b Colegio de Postgraduados. Centro de Fitopatología a84 p. aFrijol x enfermedades  aMaíz x enférmedades  7aPapasxEnfermedades2 aTrigo x enfermedades  aCP. Centro de Fitopatología